| 000 | 01168cam a2200229 4500 | ||
|---|---|---|---|
| 001 | WB3930-08 | ||
| 008 | 030806n2003 000 0 eng u | ||
| 035 | _a(Sirsi) u123215 | ||
| 245 | _aUK commercial forecast | ||
| 260 | _c2003 | ||
| 490 |
_aRICS UK Commercial Forecast _vAugust 2003 (2) |
||
| 520 | _aThe latest RICS Policy Unit "Economic forecast: UK commercial property " predicts that commercial property rents will fall in 2003 due to weak occupier demand. The forecast suggests that commercial property will provide investors with a healthy return in 2003 and 2004 with retail property fairing best and office property worst. Table and graph. Full report atwww.rics.org/ricscms/bin/show?class=EconomicForecasts&template=/includes/showeconomicforecasts.html&id=19. | ||
| 590 | _aWB | ||
| 650 | _aRICS ECONOMIC FORECASTS | ||
| 650 | _aRICS UK COMMERCIAL FORECAST | ||
| 650 | _aPROPERTY-COMMERCIAL PROPERTY-RETAIL PROPERTY-RETAIL PROPERTY MARKET | ||
| 650 | _aPROPERTY-COMMERCIAL PROPERTY-OFFICE PROPERTY-OFFICE PROPERTY MARKET | ||
| 650 | _aINDUSTRIAL MARKET | ||
| 650 | _aPROPERTY RETURNS | ||
| 690 | _aPROPERTY-COMMERCIAL PROPERTY | ||
| 942 | _n0 | ||
| 999 |
_c73174 _d73174 |
||